|
|
|
|
| LEADER |
01379nam a2200349 a 4500 |
| 001 |
28505 |
| 003 |
BD-DhAAL |
| 005 |
20141208122056.0 |
| 008 |
141208t20122007ii b b 001 0 eng d |
| 010 |
|
|
|a 2007391915
|
| 020 |
|
|
|a 8178241471
|
| 020 |
|
|
|a 8178243067
|
| 025 |
|
|
|a I-E-2007-391915; 60-92
|
| 035 |
|
|
|a (IN-NdUBS)UBS07000672
|
| 037 |
|
|
|b Library of Congress -- New Delhi Overseas Office
|c Rs795.00
|
| 040 |
|
|
|a DLC
|c DLC
|
| 042 |
|
|
|a lcode
|
| 043 |
|
|
|a a-ii---
|
| 050 |
0 |
0 |
|a DS485.D3
|b K86 2007
|
| 082 |
|
|
|2 20
|a 954/.56
|
| 100 |
1 |
|
|a Kumar, Sunil,
|d 1956-
|9 6716
|
| 245 |
1 |
4 |
|a The emergence of the Delhi Sultanate, 1192-1286 /
|c Sunil Kumar.
|
| 260 |
|
|
|a New Delhi :
|b Permanent Black ;
|a Bangalore :
|b Distributed by Orient Longman,
|c c2007 [2nd impression 2012]
|
| 300 |
|
|
|a xv, 422 p. :
|b maps ;
|c 23 cm.
|
| 504 |
|
|
|a Includes bibliographical references (p. [378]-400) and index.
|
| 541 |
|
|
|e 28505
|
| 651 |
|
0 |
|a Delhi (Sultanate)
|x History.
|9 6717
|
| 651 |
|
0 |
|a India
|x History
|y 1000-1526.
|9 5863
|
| 942 |
|
|
|2 ddc
|c BK
|
| 999 |
|
|
|c 33269
|d 33269
|
| 952 |
|
|
|0 0
|1 0
|2 ddc
|4 0
|6 954_560000000000000_KUM
|7 0
|9 44426
|a BRACUL
|b BRACUL
|c GEN
|d 2014-12-08
|l 1
|o 954.56 KUM
|p 3010028505
|r 2025-05-05
|s 2025-04-30
|t 1
|w 2014-12-08
|y BK
|
| 952 |
|
|
|0 0
|1 0
|2 ddc
|4 0
|6 954_560000000000000_KUM
|7 0
|9 44427
|a BRACUL
|b BRACUL
|c GEN
|d 2014-12-08
|l 0
|o 954.56 KUM
|p 3010028506
|r 2014-12-08
|t 2
|w 2014-12-08
|y BK
|